Environmental and population Education For TDC Courses / (Record no. 54250)
[ view plain ]
| 000 -LEADER | |
|---|---|
| fixed length control field | 00754nam a2200265Ia 4500 |
| 001 - CONTROL NUMBER | |
| control field | 54287 |
| 005 - DATE AND TIME OF LATEST TRANSACTION | |
| control field | 20240114005417.0 |
| 007 - PHYSICAL DESCRIPTION FIXED FIELD--GENERAL INFORMATION | |
| fixed length control field | ta |
| 008 - FIXED-LENGTH DATA ELEMENTS--GENERAL INFORMATION | |
| fixed length control field | 110805s2010 g b000 u 903 u |
| 040 ## - CATALOGING SOURCE | |
| Original cataloging agency | Cotton College,Assam |
| 041 ## - LANGUAGE CODE | |
| Language code of text/sound track or separate title | 903 |
| 082 ## - DEWEY DECIMAL CLASSIFICATION NUMBER | |
| Classification number | 370.312 |
| Item number | Ak 47 En |
| 100 ## - MAIN ENTRY--PERSONAL NAME | |
| Personal name | Akhtar, Parveen . |
| 245 #0 - TITLE STATEMENT | |
| Title | Environmental and population Education For TDC Courses / |
| Statement of responsibility, etc. | Parveen R Akhtar and Others. |
| Medium | Textual Documents |
| 250 ## - EDITION STATEMENT | |
| Edition statement | 2nd / |
| 260 ## - PUBLICATION, DISTRIBUTION, ETC. | |
| Place of publication, distribution, etc. | Ghy : |
| Name of publisher, distributor, etc. | Assam Book Depot , |
| Date of publication, distribution, etc. | 2010. |
| 300 ## - PHYSICAL DESCRIPTION | |
| Extent | 511pg ; |
| Dimensions | 20cm. |
| 653 ## - INDEX TERM--UNCONTROLLED | |
| Uncontrolled term | Environmental - population Education |
| 653 ## - INDEX TERM--UNCONTROLLED | |
| Uncontrolled term | MS_Education |
| 700 ## - ADDED ENTRY--PERSONAL NAME | |
| Personal name | Sahidullah, Fatima . |
| 700 ## - ADDED ENTRY--PERSONAL NAME | |
| Personal name | Das, Phunu . |
| 942 ## - ADDED ENTRY ELEMENTS (KOHA) | |
| Source of classification or shelving scheme | Dewey Decimal Classification |
| Koha item type | Books |
| Withdrawn status | Lost status | Damaged status | Not for loan | Collection | Home library | Current library | Date acquired | Coded location qualifier | Total checkouts | Full call number | Barcode | Date last seen | Copy number | Price effective from | Koha item type |
|---|---|---|---|---|---|---|---|---|---|---|---|---|---|---|---|
| Dr. Suryya Kumar Bhuyan Library | Dr. Suryya Kumar Bhuyan Library | 01/02/2012 | 00000 | 370.312 Ak 47 En | 2764/Gift | 14/01/2024 | 1 | 01/02/2012 | Books |
